| 000 | 00546nam a2200217Ia 4500 | ||
|---|---|---|---|
| 008 | 160803s9999 xx 000 0 und d | ||
| 020 | _a0 694014583 | ||
| 100 | _aAppelt, Kathi | ||
| 245 | _aBubbles, bubbles / | ||
| 245 | _cby Kathi Appelt ; pictures by Fumi Kosaka. | ||
| 260 | _aNew York : | ||
| 260 | _bScholastic Inc. | ||
| 260 | _c2001 | ||
| 300 | _a1 volume (unpaged) : | ||
| 300 | _bcolor illustrations ; | ||
| 300 | _c23 cm | ||
| 650 | _aBaths -- | ||
| 650 | _aStories in rhyme. | ||
| 650 | _xFiction. | ||
| 700 | _a620 | ||
| 999 |
_c299941 _d299941 |
||